Housing pattern of urban Jorhat (Record no. 52435)

000 -LEADER
fixed length control field 00423pab a2200169 454500
008 - FIXED-LENGTH DATA ELEMENTS--GENERAL INFORMATION
fixed length control field 180718b2002 xxu||||| |||| 00| 0 eng d
100 ## - MAIN ENTRY--PERSONAL NAME
Personal name Katakey, Nandini
245 ## - TITLE STATEMENT
Title Housing pattern of urban Jorhat
260 ## - PUBLICATION, DISTRIBUTION, ETC.
Date of publication, distribution, etc. 2002
300 ## - PHYSICAL DESCRIPTION
Extent p.88-97.
362 ## - DATES OF PUBLICATION AND/OR SEQUENTIAL DESIGNATION
Dates of publication and/or sequential designation Jun
650 ## - SUBJECT ADDED ENTRY--TOPICAL TERM
Topical term or geographic name entry element Housing - India - Assam
650 ## - SUBJECT ADDED ENTRY--TOPICAL TERM
Topical term or geographic name entry element Housing
700 ## - ADDED ENTRY--PERSONAL NAME
Personal name Sharma, Archana
773 ## - HOST ITEM ENTRY
Main entry heading Indian Journal of Regional Science
909 ## -
-- 52435
Holdings
Withdrawn status Lost status Damaged status Not for loan Permanent Location Current Location Date acquired Serial Enumeration / chronology Barcode Date last seen Price effective from Koha item type
        Indian Institute of Public Administration Indian Institute of Public Administration 2018-07-19 Volume no: 34, Issue no: 1 AR52865 2018-07-19 2018-07-19 Articles

Powered by Koha